Reservoir sedimentation : impact, extent, and mitigation /

Bibliographic Details
Main Author: Mahmood, K.
Format: Book
Language:English
Published: Washington, D.C. : World Bank, [1987]
Series:World Bank technical paper ; no. 71.
Subjects:

MARC

Tag First Indicator Second Indicator Subfields
LEADER 00000cam a2200000 a 4500
001 in00000034214
005 20151007055235.0
008 870813s1987 dcua b 00010 eng
010 |a  87023003  
020 |a 0821309528 (pbk.) 
035 |a (OCoLC)16579964 
035 |9 AAB7673AM 
040 |a DLC  |c DLC  |d TXA  |d UtOrBLW 
049 |a TXAM  |c [A11089218] 
050 0 0 |a TD396  |b .M37 1987 
082 0 |a 628.1/32  |2 19 
100 1 |a Mahmood, K. 
245 1 0 |a Reservoir sedimentation :  |b impact, extent, and mitigation /  |c K. Mahmood. 
264 1 |a Washington, D.C. :  |b World Bank,  |c [1987] 
300 |a x, 118 pages :  |b illustrations ;  |c 28 cm. 
336 |a text  |b txt  |2 rdacontent 
337 |a unmediated  |b n  |2 rdamedia 
338 |a volume  |b nc  |2 rdacarrier 
490 1 |a World Bank technical paper,  |x 0253-7494 ;  |v no. 71 
500 |a "September 1987." 
504 |a Bibliography: pages 113-118. 
650 0 |a Reservoir sedimentation. 
650 0 |a Water resources development. 
830 0 |a World Bank technical paper ;  |v no. 71. 
999 |a MARS 
999 f f |s a0a0c685-2e47-3b9e-aa15-2f447e79d855  |i a44c2f69-f4e3-3773-bcea-436a7a9ecb77  |t 0 
952 f f |p ric  |a Texas A&M University  |b Rellis Campus  |c Joint Library Facility  |d Remote Storage  |t 0  |e TD396 .M37 1987  |h Library of Congress classification  |i unmediated -- volume  |m A14811089218 
998 f f |a TD396 .M37 1987  |t 0  |l Remote Storage